000 00619nam a22002057a 4500
003 NUST
005 20230302154327.0
008 190719b ||||| |||| 00| 0 eng d
038 _aMr. Noman
082 _a658
100 _aQasim, Shennal
_918174
245 _aTo STUDY THE REPOSITIONING AND REBRANDING OF LIFEBUOY PAKISTAN
_cShennal Qasim.
260 _aIslamabad:
_bNBS - NUST,
_c2016.
300 _a76 p.: ill. ;
_c30cm.
500 _aHardcover.
650 _aMBA Thesis.
_917629
700 _aBilal Ahmed Chohan.
_918175
856 _uhttp://10.250.8.41:8080/xmlui/handle/123456789/19612
942 _2ddc
_cTHE
999 _c527082
_d527082